Fisiologia e psicologia dell'orgasmo femminile : una grande inchiesta medico-sociologica /

সংরক্ষণ করুন:
গ্রন্থ-পঞ্জীর বিবরন
প্রধান লেখক: Fisher, Seymour (লেখক)
বিন্যাস: গ্রন্থ
ভাষা:ইতালিয়
প্রকাশিত: Milano : Feltrinelli, 1978
মালা:Universale economica ; 778
বিষয়গুলি:
ট্যাগগুলো: ট্যাগ যুক্ত করুন
কোনো ট্যাগ নেই, প্রথমজন হিসাবে ট্যাগ করুন!

MARC

LEADER 00000nam a22000007i 4500
001 IT\ICCU\RAV\0044564
003 ItRI
005 20260115232346.0
008 890518s1978 it |||||| ||||| |||||c
040 |b ita  |c importazione bologna sebina 
041 7 |a ita  |2 ISO-639-2 
082 |a 155.3  |9 PSICOLOGIA DEL SESSO E DEI SESSI  |2 20 
100 1 |a Fisher, Seymour  |0 IT\ICCU\RAVV\023971  |4 aut 
240 1 0 |a Understanding the female orgasm. -  |3 IT\ICCU\RAV\0044568  |9 Fisher, Seymour 
245 1 0 |a Fisiologia e psicologia dell'orgasmo femminile :  |b una grande inchiesta medico-sociologica /  |c Seymour Fisher. 
260 |a Milano :  |b Feltrinelli,  |c 1978 
300 |a 233 p. ;  |c 18 cm. 
650 7 |a Donna  |x Comportamento sessuale  |2 scbi 
650 7 |a Donna  |x Vita sessuale  |2 scbi 
830 0 |a Universale economica ;  |v 778  |0 IT\ICCU\CFI\0001103 
942 |2 ddc  |c BK  |n 0 
952 |0 0  |1 0  |4 0  |6 DOC_155_340000000000000_FIS  |7 0  |9 24760  |a BO  |b BO  |d 2026-01-15  |i 16620  |l 0  |o DOC 155.34 FIS  |p BO16620  |r 2026-01-15 23:23:46  |w 2026-01-15  |x [Sebina 7] [1 v.]  |y BK  |z 1 v. 
999 |c 21047  |d 21047